000 00446nam a2200193Ia 4500
008 170918s9999 xx 000 0 und d
020 _a439401844
050 _bM636to 2002
100 _aMikaelsen, Ben
245 _aTouching spirit bear /
245 _cby Ben Mikaelsen.
260 _aNew York :
260 _bScholastic,
260 _c2002
300 _a241 pages :
300 _billustrations ;
300 _c19cm.
500 _a670
999 _c343939
_d343939